000 01054nam a22002415i 4500
001 154831
003 ES-MaACL
005 20250825102813.0
008 040812s1883 gt |||| | spa d
110 0 _aGuatemala.
_bGobierno
_eisb
_94552
245 1 9 _aLeyes emitidas por el Gobierno democrático de la República de Guatemala y por la Asamblea Nacional Lejislativa [sic] desde 1º de julio de 1881 a 30 de junio de 1883 /
_crecopiladas por V. Guerra.
246 1 _aLeyes emitidas por el Gobierno democrático de la República de Guatemala y por la Asamblea Nacional Legislativa desde 1º de julio de 1881 a 30 de junio de 1883
260 _aGuatemala :
_b[s.n.],
_c1883
_f(Tip. El Progreso)
300 _a1 volumen (503 páginas) ;
_c27 cm.
500 _aSolo v. III
650 4 _aDerecho-
_zGuatemala.
_9173734
655 0 _aLegislación
_9226283
700 1 _aGuerra, V.
_9127604
_epbl
852 _aES-MaACL
_cDEPO2
_hDonativo Roda
_jF-733
942 _2udc
_cMONANT
_n0
999 _c154831
_d154831